000 00491nam a22001817a 4500
003 CEME
005 20210628202652.0
008 210122b xxu||||| |||| 00| 0 eng d
020 _a0-471-67850-3
040 _c.
082 _a621.3824 ROB
100 _aLi, Jian,Stoica, Petre,Jian Li
_960996
245 _aRobust adaptive beamforming
260 _aNEW YORK
_bJOHN WILEY
_c2006
300 _aXI,421 P
650 _aADAPTIVE ANTENNAS, ANTENNA RADIATION PATTERN
_960997
942 _cBK
_2ddc
999 _c570578
_d570578